[Event "Gausdal Int"]
[Site "Gausdal"]
[Date "1982.??.??"]
[Round "6"]
[White "Ogaard, Leif"]
[Black "Gausel, Einar"]
[Result "1-0"]
[WhiteElo "2510"]
[BlackElo "2200"]

1.d4 Nf6 2.c4 c5 3.d5 e6 4.Nc3 exd5 5.cxd5 d6 6.Nf3 g6 7.g3 Bg7 8.Bg2 O-O
9.O-O a6 10.a4 Re8 11.Nd2 Nbd7 12.h3 b6 13.Nc4 Ne5 14.Na3 Rb8 15.Kh2 Qc7
16.f4 Ned7 17.Qd3 Bb7 18.Bd2 Rec8 19.b3 Ne8 20.e4 Qd8 21.Ra2 Qf6 22.Ne2 Ra8
23.Bc3 Qd8 24.Bxg7 Nxg7 25.Nc4 Qc7 26.Nc3 Rf8 27.Re1 Rae8 28.Rae2 f6 29.h4 Qb8
30.Bh3 Bc8 31.Ne3 Qc7 32.Nc4 Qb8 33.Qb1 Qc7 34.Re3 Re7 35.b4 Rfe8 36.b5 a5
37.Qd3 Qb8 38.Nd1 Kh8 39.Nf2 Rf8 40.Qc3 Kg8 41.Ng4 Ree8 42.Nh6+ Kh8 43.Rf1 Qc7
44.Bg2 Qb8 45.g4 Qc7 46.g5 Qb8 47.Bh3 fxg5 48.hxg5 Qc7 49.Kg1 Bb7 50.Be6 Re7
51.Rh3 Bc8 52.Nf5  1-0

[Event "Gausdal Int"]
[Site "Gausdal"]
[Date "1982.??.??"]
[Round "6"]
[White "Burger, Karl"]
[Black "Bletz, Harald"]
[Result "1/2-1/2"]
[WhiteElo "2385"]
[BlackElo "2200"]

1.d4 Nf6 2.Nf3 e6 3.c4 c5 4.d5 exd5 5.cxd5 d6 6.Nc3 g6 7.Bg5 h6 8.Bh4 Bg7
9.e3 a6 10.a4 g5 11.Bg3 Nh5 12.Nd2 Nxg3 13.hxg3 Bf5 14.Nc4 Bxc3+ 15.bxc3 Qf6
16.Ra3 Nd7  1/2-1/2

[Event "Gausdal Int"]
[Site "Gausdal"]
[Date "1982.??.??"]
[Round "7"]
[White "Herzog, Juerg"]
[Black "Andruet, Gilles"]
[Result "0-1"]
[WhiteElo "2200"]
[BlackElo "2395"]

1.d4 Nf6 2.c4 e6 3.Nf3 c5 4.d5 exd5 5.cxd5 d6 6.Nc3 g6 7.e4 Bg7 8.Bf4 a6
9.a4 O-O 10.Be2 Qe7 11.Nd2 Nbd7 12.O-O Ne5 13.h3 Nfd7 14.Bh2 g5 15.g3 Ng6
16.Bg4 Nde5 17.Bxc8 Raxc8 18.Qe2 c4 19.f4 gxf4 20.gxf4 Nd3 21.e5 dxe5 22.f5 Qc5+
23.Kh1 Ngf4 24.Bxf4 exf4 25.Nde4 Qb6 26.f6 Bxf6 27.a5 Qd4 28.Qg4+ Kh8 29.Qf5 Bh4
30.Rad1 Qe5 31.Qxe5+ Nxe5 32.Rxf4 Bd8 33.Nd6 Rc7 34.Na4 Nd3 35.Rf3 Ne5 36.Rf5 f6
37.Nb6 c3 38.bxc3 Rxc3 39.Nxb7 Bxb6 40.axb6 Rxh3+ 41.Kg2 Rb3 42.d6 Rg8+ 43.Kf2 Ng4+
44.Ke2 Ne3 45.Rd3 Nxf5 46.Rxb3 Nd4+ 47.Kd3 Nxb3 48.d7 h5 49.Kc4 h4 50.Kxb3 h3
51.d8=Q Rxd8 52.Nxd8 h2 53.b7 h1=Q 54.Nc6 Qb1+  0-1

[Event "Hamar op"]
[Site "Hamar"]
[Date "1982.??.??"]
[Round "6"]
[White "Sapi, Laszlo"]
[Black "Stein, Bernd"]
[Result "1/2-1/2"]
[WhiteElo "2365"]
[BlackElo "2315"]

1.d4 Nf6 2.Nf3 e6 3.c4 c5 4.d5 exd5 5.cxd5 d6 6.Nc3 g6 7.e4 Bg7 8.Be2 O-O
9.O-O Re8 10.Nd2 Na6 11.f3 Nc7 12.a4 b6 13.Nc4 Ba6 14.Bg5 Bxc4 15.Bxc4 h6
16.Be3 a6 17.Qd2 Kh7 18.Rab1 Rb8 19.b4 b5 20.Be2 cxb4 21.Rxb4 a5 22.Rbb1 b4
23.Nb5 Nxb5 24.Bxb5 Re7 25.Rfc1 Nd7 26.Rc6 Ne5 27.Ra6 Ra8 28.Bb6 Qb8 29.Rxa8 Qxa8
30.Kh1 Rb7  1/2-1/2

[Event "Hamar op"]
[Site "Hamar"]
[Date "1982.??.??"]
[Round "9"]
[White "Sapi, Laszlo"]
[Black "Ormasen, O."]
[Result "1-0"]
[WhiteElo "2365"]
[BlackElo "2200"]

1.d4 Nf6 2.Nf3 e6 3.c4 c5 4.d5 exd5 5.cxd5 d6 6.Nc3 g6 7.e4 Bg4 8.Bf4 a6
9.Be2 Nh5 10.Be3 Bg7 11.h3 Bxf3 12.Bxf3 Nf6 13.e5 Nfd7 14.exd6 Bxc3+ 15.bxc3 Qf6
16.O-O Qxd6 17.Bh6 Kd8 18.Rb1 Nb6 19.Re1 N8d7 20.Bg5+ Kc7 21.Be7 Qf4 22.d6+ Kb8
23.Rxb6 Nxb6 24.d7  1-0

[Event "Hamburg TV-B"]
[Site "Hamburg"]
[Date "1982.??.??"]
[Round "2"]
[White "Torre, Eugenio"]
[Black "Lobron, Eric"]
[Result "0-1"]
[WhiteElo "2535"]
[BlackElo "2470"]

1.d4 Nf6 2.Nf3 c5 3.d5 e6 4.c4 exd5 5.cxd5 d6 6.Nc3 g6 7.e4 Bg7 8.Bf4 a6
9.a4 Bg4 10.Be2 O-O 11.O-O Re8 12.Qc2 Qe7 13.Rae1 Nbd7 14.Nd2 Bxe2 15.Rxe2 Nh5
16.Be3 Ne5 17.h3 g5 18.f4 gxf4 19.Bxf4 Nxf4 20.Rxf4 b5 21.Nd1 c4 22.Nf3 Nd3
23.Rg4 f5 24.Rg3 Kh8 25.Kh1 fxe4 26.Ng5 Rf8 27.Rxe4 Rf1+ 28.Kh2 Be5 29.Rxe5 Nxe5
30.Ne3 Ra1 31.Nf5 Qa7 32.Nd4 Rf8 33.Ngf3 Nxf3+ 34.Nxf3 Qe3 35.axb5 axb5 36.Rg4 Rf4
37.Ng5 Qg1+ 38.Kg3 Qe1+ 39.Kxf4 Qe5+ 40.Kf3 Rf1+ 41.Qf2 Qf5+  0-1

[Event "NOR-ch"]
[Site "Lillehammer"]
[Date "1982.??.??"]
[Round "1"]
[White "Agdestein, Simen"]
[Black "Bjerke, Richard"]
[Result "0-1"]
[WhiteElo "2280"]
[BlackElo "2255"]

1.d4 Nf6 2.c4 e6 3.Nf3 c5 4.d5 exd5 5.cxd5 d6 6.Nc3 g6 7.e4 Bg7 8.Be2 O-O
9.Bf4 a6 10.a4 Bg4 11.O-O Re8 12.Nd2 Bxe2 13.Qxe2 Nh5 14.Be3 Nd7 15.f4 Nhf6
16.Qf3 Qc7 17.Nc4 Nb6 18.Nxd6 Qxd6 19.e5 Qf8 20.exf6 Bxf6 21.Kh1 Bd4 22.Bg1 Nc4
23.Ne4 f5 24.Ng5 Qd6 25.Qh3 h5 26.Ne6 Bxg1 27.Rxg1 Re7 28.Qg3 Kh7 29.Qc3 Qxd5
30.Ng5+ Kh6 31.Rgd1 Qg8 32.b3 Ne3 33.Qxc5 Rae8 34.Rd6 Nc4 35.Rdd1 Ne3 36.Re1 Qxb3
37.Ra3 Qc2  0-1

[Event "Luzern ol (Men)"]
[Site "Luzern"]
[Date "1982.??.??"]
[Round "2"]
[White "Cooper, John Grantley"]
[Black "Lobron, Eric"]
[Result "0-1"]
[WhiteElo "2330"]
[BlackElo "2470"]

1.d4 Nf6 2.c4 c5 3.d5 e6 4.Nc3 exd5 5.cxd5 d6 6.Nf3 g6 7.Nd2 Nbd7 8.e4 Bg7
9.Be2 O-O 10.O-O Re8 11.a4 Ne5 12.Kh1 Nfg4 13.Nf3 Nxf3 14.Bxf3 Qh4 15.Bxg4 Bxg4
16.Qc2 Bd7 17.f3 f5 18.Nb5 Bxb5 19.axb5 fxe4 20.Ra4 Bd4 21.fxe4 Rf8 22.Rd1 Rf2
23.Qd3 Raf8 24.h3 R8f3 25.Rxd4 cxd4 26.Qxf3 Rxf3 27.gxf3 Qxh3+ 28.Kg1  0-1

[Event "Luzern ol (Men)"]
[Site "Luzern"]
[Date "1982.??.??"]
[Round "3"]
[White "Trisa Ard, Nakorn"]
[Black "Yap, Andronico"]
[Result "0-1"]
[WhiteElo "2325"]
[BlackElo "2385"]

1.d4 Nf6 2.c4 c5 3.d5 e6 4.Nc3 exd5 5.cxd5 d6 6.Nf3 g6 7.g3 Bg7 8.Bg2 O-O
9.O-O a6 10.a4 Nbd7 11.e4 Re8 12.Bf4 Qc7 13.Re1 Ng4 14.Nd2 Nde5 15.Qc2 f5
16.h3 Nh6 17.Bxe5 Bxe5 18.Nc4 Bd4 19.Kh2 Nf7 20.f4 fxe4 21.Nxe4 Bd7 22.Rad1 Bg7
23.Ne3 Qa5 24.Nc4 Qb4 25.b3 Bf5 26.g4 Bxe4 27.Bxe4 b5 28.Nd2 Rab8 29.Kg3 bxa4
30.bxa4 Qa3+ 31.Bf3 g5 32.Nc4 gxf4+ 33.Kg2 Qc3 34.Qxc3 Bxc3 35.Re6 Red8 36.Re4 Rb4
37.Rxf4 Be5 38.Re4 Ng5 39.Rxe5 dxe5 40.Nxe5 Rxa4 41.Nc6 Rf8 42.Ne7+ Kh8 43.Nf5 Ra2+
44.Kg3 Ra3 45.Rf1 a5 46.Kf4 Rxf3+  0-1

[Event "Luzern ol (Men)"]
[Site "Luzern"]
[Date "1982.??.??"]
[Round "4"]
[White "Agdestein, Simen"]
[Black "De Bruycker, Bernard"]
[Result "1-0"]
[WhiteElo "2280"]
[BlackElo "2255"]

1.d4 Nf6 2.c4 c5 3.d5 e6 4.Nc3 exd5 5.cxd5 d6 6.Nf3 g6 7.Bg5 Bg7 8.Nd2 a6
9.a4 Nbd7 10.e4 O-O 11.Be2 Re8 12.O-O Qc7 13.Qc2 Rb8 14.a5 b5 15.axb6 Rxb6
16.Nc4 Rb4 17.Bf4 Bf8 18.f3 Nh5 19.Bd2 Nb8 20.Ra3 f5 21.Bd3 Bg7 22.exf5 Bd4+
23.Kh1 gxf5 24.Ne2 Rxe2 25.Bxe2 Rxc4 26.Qxc4 f4 27.Rd3 Be5 28.Bc3 Nd7 29.Rd2 Qd8
30.Bd3 Qg5 31.Kg1 Nhf6 32.Qa4 Bxc3 33.bxc3 Ne5 34.Bxa6 Bf5 35.Qa5 Nfd7 36.Qc7 Qe7
37.Bb5  1-0

[Event "Luzern ol (Men)"]
[Site "Luzern"]
[Date "1982.??.??"]
[Round "5"]
[White "Gheorghiu, Florin"]
[Black "Liu Wenzhe"]
[Result "0-1"]
[WhiteElo "2535"]
[BlackElo "2400"]

1.d4 Nf6 2.c4 c5 3.d5 e6 4.Nc3 exd5 5.cxd5 d6 6.Nf3 g6 7.Nd2 Nbd7 8.e4 Bg7
9.Be2 O-O 10.O-O Re8 11.a4 Ne5 12.Re1 a6 13.f4 Neg4 14.Bf3 h5 15.Nc4 Nxe4
16.Rxe4 Bd4+ 17.Rxd4 cxd4 18.Ne4 Qh4 19.Ncxd6 Qxh2+ 20.Kf1 Bf5 21.Nxf5 gxf5
22.Nf2 d3 23.Qxd3 h4 24.Qxf5 Qg1+  0-1

[Event "Luzern ol (Men)"]
[Site "Luzern"]
[Date "1982.??.??"]
[Round "7"]
[White "Abarca Aguirre, Manuel"]
[Black "Wedberg, Tom"]
[Result "1/2-1/2"]
[WhiteElo "2270"]
[BlackElo "2460"]

1.d4 Nf6 2.c4 e6 3.Nf3 c5 4.d5 exd5 5.cxd5 d6 6.Nc3 g6 7.Bf4 Bg7 8.e4 O-O
9.Be2 a6 10.a4 Bg4 11.O-O Qc7 12.e5 Nh5 13.exd6 Qb6 14.Bd2 Qxd6 15.Qb3 Nd7
16.h3 Bxf3 17.Bxf3 Bd4 18.Ne4 Qb6 19.Qxb6 Nxb6 20.Nd6 Nf6 21.Nxb7 Nbxd5 22.Rac1 Rfc8
23.Bg5 Rab8 24.Rfd1 Kg7 25.Nxc5 Bxb2 26.Nxa6 Bxc1 27.Bxf6+ Nxf6 28.Nxb8 Rc2
29.Nc6 Ba3 30.Ra1 Bc5 31.a5 Bxf2+ 32.Kf1 Nh5 33.Bxh5 gxh5 34.a6 Bb6 35.a7 Rf2+
36.Ke1 Bxa7 37.Rxa7 Rxg2 38.Ne5 Kf6 39.Nd3 Rg3 40.Nf2 Kg6 41.Ra6+ Kg7 42.Ke2 Rb3
43.Rd6 f6 44.Rd3 Rb4 45.Kf3 Kg6 46.Ne4 Rb5 47.Rc3 Ra5 48.Nf2 Rf5+ 49.Kg2 Rg5+
50.Kf3 Rf5+ 51.Ke2 Kg5 52.Rc7 Kf4 53.Rxh7 Re5+ 54.Kf1 Kf3 55.Rd7 Re3 56.Nh1 Ra3
57.Rd1 f5 58.Rb1  1/2-1/2

[Event "Luzern ol (Men)"]
[Site "Luzern"]
[Date "1982.??.??"]
[Round "11"]
[White "Danner, Georg"]
[Black "Gutierrez, Jose Antonio"]
[Result "1/2-1/2"]
[WhiteElo "2410"]
[BlackElo "2350"]

1.d4 Nf6 2.c4 c5 3.d5 e6 4.Nc3 exd5 5.cxd5 d6 6.Nf3 g6 7.Nd2 b6 8.e4 Bg7
9.Be2 O-O 10.O-O Re8 11.f3 a6 12.a4 Nbd7 13.Nc4 Ne5 14.Ne3 Rb8 15.f4 Ned7
16.Qc2 Qe7 17.Bd3 b5 18.axb5 axb5 19.Nxb5 Nxe4 20.Na7 Bb7 21.Nc6 Bxc6 22.dxc6 Nb6
23.c7 Rbc8 24.Ra6 Bd4 25.Bxe4 Qxe4 26.Qxe4 Rxe4 27.Rxb6 Bxe3+ 28.Bxe3 Rxe3
29.Rxd6 Rxc7 30.f5 gxf5 31.Rxf5 Re2 32.b3 Rb2 33.Rd3 c4 34.bxc4 Rxc4 35.h3 Rc6
36.Rd8+ Kg7 37.Rd7 Rf6 38.Rg5+ Rg6 39.Rxg6+ hxg6 40.Kh2  1/2-1/2

[Event "Minsk"]
[Site "Minsk"]
[Date "1982.??.??"]
[Round "?"]
[White "Dydyshko, Viacheslav"]
[Black "Groszpeter, Attila"]
[Result "1-0"]
[WhiteElo "2450"]
[BlackElo "2475"]

1.d4 Nf6 2.c4 e6 3.Nf3 c5 4.d5 exd5 5.cxd5 d6 6.Nc3 g6 7.Nd2 Bg7 8.e4 O-O
9.Be2 Na6 10.O-O Nc7 11.a4 Rb8 12.Nc4 Re8 13.Qc2 a6 14.Bf4 Bf8 15.Bf3 b5
16.axb5 axb5 17.Na5 Bd7 18.Nc6 Bxc6 19.dxc6 b4 20.Nd5 Nfxd5 21.exd5 Qf6 22.Qd2 Bg7
23.b3 Nb5 24.Be2 Nc3 25.Be3 Qf5 26.Bc4 Ne4 27.Qd3 Bxa1 28.Rxa1 Qe5 29.Ra6 Nc3
30.g3 Re7 31.Kg2 Ne4 32.Bf4 Qf6 33.f3 Qb2+ 34.Qe2 Qxe2+ 35.Bxe2 g5 36.fxe4 gxf4
37.Bg4 fxg3 38.e5 Rxe5 39.c7 Rf8 40.Rxd6 Ree8 41.Rc6 f5 42.Bf3 Re3 43.c8=Q Rxc8
44.Rxc8+ Kf7 45.Kxg3 Rxb3 46.Rxc5 Rd3 47.Rc4 b3 48.Rb4 Ke7 49.Rb6 Kd7 50.Kf4 Kc7
51.Rb5 Kd6 52.h4 h6 53.h5 Kc7 54.Be2 Rd2 55.Ke3 Rb2 56.Bc4 Rh2 57.Rxb3 Rxh5
58.Kd4 Rg5 59.Kc5 f4 60.Bb5 h5 61.Bc6 Kd8 62.Kd6  1-0

[Event "Moscow"]
[Site "Moscow"]
[Date "1982.??.??"]
[Round "?"]
[White "Unzicker, Wolfgang"]
[Black "Anikaev, Yuri N"]
[Result "0-1"]
[WhiteElo "2455"]
[BlackElo "2465"]

1.d4 Nf6 2.c4 c5 3.d5 e6 4.Nc3 exd5 5.cxd5 d6 6.Nf3 g6 7.g3 Bg7 8.Bg2 O-O
9.O-O Re8 10.Nd2 Nbd7 11.Nc4 Nb6 12.Ne3 Ng4 13.Nxg4 Bxg4 14.h3 Bd7 15.Bf4 Nc4
16.Qc2 b5 17.b3 Na3 18.Qd2 f5 19.Rac1 b4 20.Nd1 Qf6 21.h4 a5 22.Ne3 a4 23.Bf3 axb3
24.axb3 Nb5 25.Nc4 Ra6 26.Qd3 Nd4 27.Rfe1 Bb5 28.Bg2 Ra3 29.Rb1 Ra2 30.e3 Nc2
31.Re2 Bxc4 32.bxc4 Qc3 33.Qxc3 bxc3 34.Bxd6 Nb4 35.Kf1 c2  0-1

[Event "Moscow"]
[Site "Moscow"]
[Date "1982.??.??"]
[Round "?"]
[White "Meduna, Eduard"]
[Black "Anikaev, Yuri N"]
[Result "1/2-1/2"]
[WhiteElo "2490"]
[BlackElo "2465"]

1.d4 Nf6 2.c4 c5 3.d5 e6 4.Nc3 exd5 5.cxd5 d6 6.Nf3 g6 7.Nd2 Nbd7 8.e4 Bg7
9.Be2 O-O 10.O-O Re8 11.f4 a6 12.a4 c4 13.e5 dxe5 14.Nxc4 Nb6 15.fxe5 Nfxd5
16.Nd6 Nxc3 17.bxc3 Rxe5 18.Nxf7 Qxd1 19.Bxd1 Rf5 20.Nh6+ Bxh6 21.Bxh6 Rxf1+
22.Kxf1 Nd5 23.Rb1 b5 24.Bf3 Be6 25.axb5 axb5 26.Rxb5 Nxc3 27.Rc5 Rc8 28.Ra5 Rd8
29.Bg5 Re8 30.Kf2 Bf7 31.Bc6 Re6 32.Bh6 Rxc6 33.Ra8+ Be8 34.Rxe8+ Kf7 35.Rf8+ Ke6
36.Re8+ Kf7 37.Rf8+ Ke6 38.Re8+  1/2-1/2

[Event "Plovdiv"]
[Site "Plovdiv"]
[Date "1982.??.??"]
[Round "6"]
[White "Osnos, Viatcheslav"]
[Black "Commons, Kim S"]
[Result "1-0"]
[WhiteElo "2455"]
[BlackElo "2460"]

1.d4 Nf6 2.c4 e6 3.Nf3 c5 4.d5 exd5 5.cxd5 d6 6.Nc3 g6 7.g3 Bg7 8.Bg2 O-O
9.O-O a6 10.a4 Nbd7 11.Nd2 Nh5 12.Nde4 Qe7 13.Bg5 f6 14.Bd2 Ne5 15.Qb3 Nf7
16.f4 f5 17.Nf2 Qc7 18.e4 Rb8 19.exf5 gxf5 20.Rfe1 b5 21.axb5 axb5 22.Nxb5 Qb7
23.Bf1 Nf6 24.Bc4 Nxd5 25.Qd3 Qd7 26.Qxd5 Rxb5 27.Bxb5 Qxb5 28.Ra7 Bxb2 29.Rxf7 Rxf7
30.Re7  1-0

[Event "Plovdiv"]
[Site "Plovdiv"]
[Date "1982.??.??"]
[Round "11"]
[White "Velikov, Petar"]
[Black "Bajovic, Milan"]
[Result "1-0"]
[WhiteElo "2485"]
[BlackElo "2365"]

1.d4 Nf6 2.Nf3 e6 3.c4 c5 4.d5 exd5 5.cxd5 d6 6.Nc3 g6 7.Nd2 Nbd7 8.e4 a6
9.a4 Bg7 10.Be2 O-O 11.O-O Re8 12.f4 Nf8 13.Kh1 h6 14.Bf3 Rb8 15.a5 Bd7 16.e5 dxe5
17.fxe5 N6h7 18.e6 fxe6 19.d6 Ng5 20.Nde4 Nfh7 21.Nxc5 Nxf3 22.Rxf3 Bc6 23.N3e4 Bd5
24.Be3 Rf8 25.Rxf8+ Nxf8 26.Bd4 Nd7 27.Bxg7 Nxc5 28.Nxc5 Kxg7 29.Qd4+ Kg8
30.Rf1 Qg5 31.Ne4 Bxe4 32.Qxe4 e5 33.Qd5+ Kh8 34.h3 h5 35.d7 Kg7 36.Qf7+ Kh6
37.Qf8+  1-0

[Event "Plovdiv"]
[Site "Plovdiv"]
[Date "1982.??.??"]
[Round "11"]
[White "Meduna, Eduard"]
[Black "Ermenkov, Evgenij"]
[Result "1/2-1/2"]
[WhiteElo "2480"]
[BlackElo "2465"]

1.d4 Nf6 2.c4 c5 3.d5 e6 4.Nc3 exd5 5.cxd5 d6 6.Nf3 g6 7.Nd2 Bg7 8.Nc4 O-O
9.Bf4 Ne8 10.e3 f5 11.h4 Rf7 12.Be2 b6 13.g4 Ba6 14.Bg5 Qc8 15.a4 Bxc4 16.Bxc4 fxg4
17.Rg1 Nd7 18.Rxg4 Ne5 19.Be2 Nf6 20.Rg3 Qf5 21.Qb1 Qd7 22.f4 Neg4 23.Bxf6 Nxf6
24.Qc2 Qe7 25.O-O-O  1/2-1/2

[Event "BUL-ch"]
[Site "Sofia"]
[Date "1982.??.??"]
[Round "5"]
[White "Radev, Nikolai"]
[Black "Garkov, Mitko"]
[Result "1/2-1/2"]
[WhiteElo "2345"]
[BlackElo "2375"]

1.d4 Nf6 2.c4 e6 3.Nf3 c5 4.d5 exd5 5.cxd5 d6 6.Nc3 g6 7.e4 Bg7 8.Bg5 a6
9.Nd2 b5 10.Be2 O-O 11.O-O Re8 12.Qc2 h6 13.Bh4 g5 14.Bg3 b4 15.Na4 Ra7 16.Rad1 Rae7
17.e5 dxe5  1/2-1/2

[Event "Yerevan zt"]
[Site "Yerevan"]
[Date "1982.??.??"]
[Round "2"]
[White "Tukmakov, Vladimir B"]
[Black "Agzamov, Georgy"]
[Result "1-0"]
[WhiteElo "2500"]
[BlackElo "2485"]

1.d4 Nf6 2.c4 e6 3.Nf3 c5 4.d5 exd5 5.cxd5 d6 6.Nc3 g6 7.Bg5 Bg7 8.e3 h6
9.Bh4 g5 10.Bg3 Nh5 11.Bd3 Nxg3 12.hxg3 Nd7 13.Qc2 a6 14.a4 Qe7 15.Bf5 Ne5
16.a5 Bxf5 17.Qxf5 Qd7 18.Qc2 O-O-O 19.Nxe5 Bxe5 20.Na4 Kb8 21.Nb6 Qe7 22.g4 Bg7
23.Nc4 Qd7 24.f3 h5 25.Rxh5 f5 26.O-O-O Rxh5 27.gxh5 Rh8 28.Rh1 Rh6 29.Kb1 Qf7
30.Qd3 g4 31.Ka2 gxf3 32.gxf3 Bf8 33.e4 fxe4 34.Qxe4 Rxh5 35.Rxh5 Qxh5 36.Qe6 Qh4
37.Nb6 Qd8 38.f4 Be7 39.f5 Kc7 40.Na8+ Kb8 41.Nb6 Kc7 42.Kb1 Bf6 43.Kc2 Be5
44.Nc4 Qh4 45.Nxe5 Qa4+ 46.Kd2 Qb4+ 47.Ke3 Qd4+ 48.Kf3 dxe5 49.Kg3 Qf4+ 50.Kh3 c4
51.Qe7+ Kc8 52.Qf8+ Kd7 53.f6 Qf3+ 54.Kh4 Qf4+ 55.Kh5 Qf3+ 56.Kg6 Qe4+ 57.Kg7 Qg2+
58.Kh7 Qe4+ 59.Kg8 Qxd5+ 60.f7 Kc6 61.Qc8+ Kb5 62.Kg7 Qg2+ 63.Kf6 Qf3+ 64.Ke7  1-0

[Event "Yerevan"]
[Site "Yerevan"]
[Date "1982.??.??"]
[Round "6"]
[White "Sturua, Zurab"]
[Black "Eolian, Levon S"]
[Result "1-0"]
[WhiteElo "2440"]
[BlackElo "2355"]

1.d4 Nf6 2.c4 c5 3.d5 e6 4.Nc3 exd5 5.cxd5 d6 6.Nf3 g6 7.Bf4 Bg7 8.Qa4+ Bd7
9.Qb3 Qc7 10.Nd2 Nh5 11.Bg5 h6 12.Bh4 g5 13.Bg3 Nxg3 14.hxg3 a6 15.a4 Bf5
16.Nc4 Nd7 17.a5 O-O 18.Na4 Rae8 19.e3 Bh7 20.Nab6 Ne5 21.Nxe5 Rxe5 22.Bd3 Bxd3
23.Qxd3 f5 24.Nc4 Re4 25.f3 Re7 26.Ra3 Qd8 27.Rb3 Rd7 28.Rb6 Qf6 29.Kd2 f4
30.gxf4 gxf4 31.e4 Qg5 32.Qf1 Rf6 33.Kc2 Rg6 34.Kb1 Kf8 35.Rh2 Ke7 36.Qh1 Qg3
37.Rb3 Kf8 38.Rd3 Qg5 39.Rd2 Qf6 40.Rh5 Rg5 41.Qh3 Rd8 42.Rxg5 Qxg5 43.Qe6 Qf6
44.Qg4 Qg5 45.Qxg5 hxg5 46.Rd3 Rd7 47.Rb3 Ke8 48.Rxb7 Rxb7 49.Nxd6+ Kd7 50.Nxb7 Bd4
51.e5 Bxe5 52.Nxc5+ Kd6 53.Nxa6 Kxd5 54.Nb4+ Kd6 55.Kc2 Bd4 56.Nd3 Kc6 57.b4 Kb5
58.Kb3 Bg7 59.Nc1  1-0

[Event "Yerevan zt"]
[Site "Yerevan"]
[Date "1982.??.??"]
[Round "8"]
[White "Giorgadze, Tamaz"]
[Black "Dorfman, Josif D"]
[Result "1-0"]
[WhiteElo "2500"]
[BlackElo "2510"]

1.d4 Nf6 2.c4 e6 3.Nf3 c5 4.d5 exd5 5.cxd5 d6 6.Nc3 g6 7.Bg5 Bg7 8.e3 h6
9.Bh4 O-O 10.Nd2 Na6 11.Bc4 Nc7 12.O-O Re8 13.a4 Rb8 14.e4 g5 15.Bg3 a6 16.a5 b5
17.axb6 Rxb6 18.Bd3 Nb5 19.Nc4 Ng4 20.Nxb6 Qxb6 21.Qa4 Nc7 22.Ra3 Ne5 23.Rb3 Qa7
24.Bxe5 Bxe5 25.Qc6 Kf8 26.Ra1 Ke7 27.Nb5 Nxb5 28.Bxb5 Rf8 29.Bxa6 f5 30.Raa3 c4
31.Bxc8 Qd4 32.Qd7+  1-0

[Event "Albena"]
[Site "Albena"]
[Date "1983.??.??"]
[Round "?"]
[White "Velikov, Petar"]
[Black "Ermenkov, Evgenij"]
[Result "1/2-1/2"]
[WhiteElo "2460"]
[BlackElo "2425"]

1.d4 Nf6 2.c4 c5 3.d5 e6 4.Nc3 exd5 5.cxd5 d6 6.Nf3 g6 7.Bf4 a6 8.a4 Bg7
9.e4 Bg4 10.Be2 Bxf3 11.Bxf3 O-O 12.O-O Ne8 13.Qc2 Nd7 14.Be2 Qe7 15.a5 Nc7
16.Rfe1 Rab8 17.Ra4 b5 18.axb6 Rxb6 19.Rea1 Rfb8 20.Bc1 Nb5 21.Rxa6 Nd4 22.Qd1 Rxa6
23.Rxa6 Nxe2+ 24.Qxe2 Bxc3 25.bxc3 Rb1 26.Ra8+ Nf8 27.Qd2 Qxe4 28.h3 Qe7
29.Qh6 g5 30.Kh2 Rxc1 31.Rxf8+ Qxf8 32.Qxg5+ Qg7  1/2-1/2

[Event "Albena"]
[Site "Albena"]
[Date "1983.??.??"]
[Round "?"]
[White "Van der Sterren, Paul"]
[Black "Stoica, Valentin"]
[Result "1-0"]
[WhiteElo "2445"]
[BlackElo "2440"]

1.d4 Nf6 2.c4 e6 3.Nf3 c5 4.d5 exd5 5.cxd5 d6 6.Nc3 g6 7.Bf4 a6 8.a4 Bg7
9.e4 Bg4 10.Be2 Bxf3 11.Bxf3 O-O 12.O-O Qe7 13.e5 dxe5 14.d6 Qe6 15.Re1 Nbd7
16.Bxb7 Rab8 17.Bxa6 Rxb2 18.Bb5 Rd8 19.Bg5 Qf5 20.Be3 e4 21.Qc1 Rb3 22.Qc2 Rxc3
23.Qxc3 Nd5 24.Qd2 Bc3 25.Qc2 Qe5 26.Rad1 Bxe1 27.Rxe1 Qxd6 28.Bg5 Re8 29.Rd1 f6
30.Rxd5  1-0

[Event "Albena"]
[Site "Albena"]
[Date "1983.??.??"]
[Round "?"]
[White "Farago, Ivan"]
[Black "Danner, Georg"]
[Result "1-0"]
[WhiteElo "2495"]
[BlackElo "2405"]

1.d4 Nf6 2.c4 c5 3.d5 e6 4.Nc3 exd5 5.cxd5 d6 6.Nf3 g6 7.Nd2 Nbd7 8.e4 Bg7
9.Be2 O-O 10.O-O Re8 11.a4 Ne5 12.Ndb1 c4 13.Na3 a6 14.Bf4 b5 15.axb5 axb5
16.Naxb5 Ba6 17.Qc2 Qd7 18.Bxe5 Rxe5 19.Bxc4 Nh5 20.Ne2 Ree8 21.Nbd4 Bxc4
22.Rxa8 Rxa8 23.Qxc4 Nf6 24.Nc6 Ng4 25.b4 Ne5 26.Qc2 Qb7 27.Ned4 Kf8 28.Nxe5 Bxe5
29.Qc6 Qa7 30.Nf3  1-0

[Event "Bayamo"]
[Site "Bayamo"]
[Date "1983.??.??"]
[Round "?"]
[White "Frias, Victor J"]
[Black "Vilela, Jose Luis"]
[Result "1/2-1/2"]
[WhiteElo "2440"]
[BlackElo "2440"]

1.d4 Nf6 2.c4 e6 3.Nf3 c5 4.d5 exd5 5.cxd5 d6 6.Nc3 g6 7.Bg5 Bg7 8.e3 h6
9.Bh4 g5 10.Bg3 Nh5 11.Bb5+ Kf8 12.Bd3 Nxg3 13.hxg3 Nd7 14.Bf5 b5 15.O-O b4
16.Ne4 Nb6 17.Bxc8 Rxc8 18.Rb1 Qe7 19.Qc2 Re8 20.Ned2 Nxd5 21.e4 Nb6 22.Rfe1 Bf6
23.Nf1 h5 24.Rbd1 g4 25.Nh4 Bxh4 26.gxh4 Qe5 27.Ng3 Rh6 28.b3 Rg6 29.Re3 Kg8
30.Rd2 Ree6 31.Qd1 Ref6 32.Red3 a5 33.Qf1 a4 34.Re3 axb3 35.axb3 d5 36.exd5 Qxe3
37.fxe3 Rxf1+ 38.Kxf1 c4 39.Rd4 cxb3 40.Rxb4 Nxd5 41.Rxb3 Re6 42.Kf2 Re4  1/2-1/2

[Event "Bayamo"]
[Site "Bayamo"]
[Date "1983.??.??"]
[Round "?"]
[White "Lebredo, Gerardo"]
[Black "Garcia, Gildardo"]
[Result "1/2-1/2"]
[WhiteElo "2350"]
[BlackElo "2415"]

1.d4 Nf6 2.c4 c5 3.d5 e6 4.Nc3 exd5 5.cxd5 d6 6.Nf3 a6 7.a4 g6 8.Nd2 Bg7
9.Nc4 O-O 10.Bg5 Re8 11.Qd2 h6 12.Bxh6 Ne4 13.Nxe4 Bxh6 14.Qxh6 Rxe4 15.Qc1 b5
16.axb5 Bb7 17.bxa6 Bxd5 18.Nd2 Rb4 19.e3 Qb6 20.Bc4 Bxc4 21.Nxc4 Qb5 22.Na3 Qc6
23.O-O Rxa6 24.Nc2 Rxa1 25.Qxa1 Ra4 26.Qb1 Nd7 27.b3 Ra8 28.Qb2 Qd5 29.Qc3 Ra2
30.Rb1 Ne5 31.h3 Nd3 32.Rd1 Nf4 33.Rxd5 Ne2+ 34.Kh2 Nxc3 35.Rd2 d5 36.f3 d4
37.exd4 cxd4 38.Rxd4 Rxc2 39.Rd8+ Kg7 40.Rc8 Rc1 41.h4 Ne2 42.Rxc1 Nxc1 43.b4 Nd3
44.b5 Nc5 45.g4 Kf6 46.b6 Ke5 47.Kg3 Kd6 48.h5 gxh5 49.gxh5 Ke5 50.Kg4 Kf6
51.f4 Nb7 52.f5 Kg7 53.Kf4 Nd6 54.h6+ Kxh6 55.Ke5 Nc4+ 56.Kf6  1/2-1/2

[Event "Bela Crkva op"]
[Site "Bela Crkva"]
[Date "1983.??.??"]
[Round "10"]
[White "De Boer, Gert Jan"]
[Black "Hakki, Imad"]
[Result "0-1"]
[WhiteElo "2275"]
[BlackElo "2305"]

1.d4 Nf6 2.c4 e6 3.Nf3 c5 4.d5 exd5 5.cxd5 d6 6.Nc3 g6 7.Nd2 Bg7 8.e4 O-O
9.Be2 Re8 10.O-O Nbd7 11.a4 Ne5 12.Qc2 a6 13.Ra3 g5 14.b3 g4 15.Nc4 Nh5 16.Nd1 Qf6
17.Kh1 Nxc4 18.bxc4 Nf4 19.f3 g3 20.Bxf4 Qxf4 21.hxg3 Qxg3 22.Qc1 Be5 23.f4 Qh4+
24.Kg1 Bd4+ 25.Nf2 Rxe4 26.g3 Qh3 27.Qd2 Bd7 28.Rb1 Bxf2+ 29.Kxf2 Qh2+ 30.Kf3 Rae8  0-1

[Event "Bor"]
[Site "Bor"]
[Date "1983.??.??"]
[Round "5"]
[White "Tukmakov, Vladimir B"]
[Black "Arnason, Jon L"]
[Result "1/2-1/2"]
[WhiteElo "2590"]
[BlackElo "2460"]

1.d4 Nf6 2.Nf3 e6 3.c4 c5 4.d5 exd5 5.cxd5 d6 6.Nc3 g6 7.Nd2 Bg7 8.e4 O-O
9.Be2 Re8 10.O-O Nbd7 11.a4 a6 12.f4 Qc7 13.Kh1 Rb8 14.Qc2 c4 15.e5 dxe5
16.Nxc4 b5 17.axb5 axb5 18.fxe5 Nxe5 19.d6 Qd7 20.Nxe5 Rxe5 21.Bf4 Rf5 22.Bg3 b4
23.Ne4 Nxe4 24.Qxe4 Bxb2 25.Rab1 Bc3 26.Rxf5 gxf5 27.Qe7 Kg7 28.Bc4 Ra8 29.Be5+ Bxe5
30.Qxe5+ Kg8 31.Rxb4 Qxd6 32.Qe8+ Qf8 33.Qxf8+ Kxf8 34.h3 Be6 35.Bd3 Kg7
36.Kh2 Kf6 37.Rh4 Kg7 38.Rf4 Ra5 39.Be2 Re5 40.Bf3 Ra5  1/2-1/2

[Event "Elekes mem-A"]
[Site "Budapest"]
[Date "1983.??.??"]
[Round "?"]
[White "Poettinger, Harald"]
[Black "Vegh, Endre"]
[Result "1/2-1/2"]
[WhiteElo "2200"]
[BlackElo "2375"]

1.d4 Nf6 2.c4 c5 3.d5 e6 4.Nc3 exd5 5.cxd5 d6 6.Nf3 g6 7.Bf4 a6 8.a4 Bg7
9.e4 Bg4 10.Be2 Bxf3 11.Bxf3 O-O 12.O-O Qe7 13.Qd2 Nbd7 14.Rfe1 Rfe8 15.a5 Rab8
16.Ra4 Ne5 17.Be2 Qc7  1/2-1/2

[Event "Elekes mem-A"]
[Site "Budapest"]
[Date "1983.??.??"]
[Round "?"]
[White "Poettinger, Harald"]
[Black "Tokaji, Nagy Gyorgy"]
[Result "1/2-1/2"]
[WhiteElo "2200"]
[BlackElo "2260"]

1.d4 Nf6 2.c4 e6 3.Nc3 c5 4.d5 exd5 5.cxd5 d6 6.Nf3 g6 7.Bf4 Na6 8.e4 Nc7
9.Be2 Bg7 10.Nd2 O-O 11.Nc4 Nfe8 12.a4 Qe7 13.Qd2 Bd7 14.O-O b5 15.axb5 Nxb5
16.Nb6 Nxc3 17.bxc3 Rb8 18.Nxd7 Qxd7 19.Ra6 Rb3 20.Qa2 Rb7 21.Qa3 Qe7 22.Bd3 Be5
23.Bd2  1/2-1/2

[Event "DDR-ch 32th"]
[Site "Cottbus"]
[Date "1983.??.??"]
[Round "?"]
[White "Heinig, Wolfram"]
[Black "Vogt, Lothar"]
[Result "1/2-1/2"]
[WhiteElo "2320"]
[BlackElo "2510"]

1.d4 Nf6 2.c4 c5 3.d5 e6 4.Nc3 exd5 5.cxd5 d6 6.Nf3 g6 7.Bf4 Bg7 8.Qa4+ Bd7
9.Qb3 Qc7 10.e4 O-O 11.Be2 Bg4 12.O-O Bxf3 13.Nb5 Qd7 14.Qxf3 Ne8 15.Qg3 h5
16.h4 Bxb2 17.Rab1 Be5 18.Bxe5 dxe5 19.Bxh5 a6 20.Bg4 Qe7 21.d6 Nxd6 22.Nxd6 Qxd6
23.Rxb7 Nc6 24.h5 Nd4 25.Rfb1 Rab8 26.R1b6 Qxb6 27.Rxb6 Rxb6 28.Qxe5 gxh5
29.Qxh5 Rc6 30.Bd7 Rg6 31.f4 Rb8 32.Qxc5 Ne2+ 33.Kf2 Nxf4 34.Qc7 Rb2+ 35.Kf3 Nxg2
36.Qd8+ Kg7 37.Bf5 Ne1+ 38.Kf4 Ng2+ 39.Kf3 Ne1+ 40.Kf4 Ng2+  1/2-1/2